000
00294nam a22001337a 4500
008
171226b xxu||||| |||| 00| 0 eng d
020
_a
9780205865789
041
_a
eng
080
_a
32
100
_a
19
101
_a
POL
245
_a
GOVERNEMTN BY THE PEOPLE
_c
MAGLEBY,D.B
942
_2
udc
_c
BK
999
_c
39396
_d
39396